书目信息 |
| 题名: |
全球经济中的创新与增长
|
|
| 作者: | G.M.格罗斯曼 | |
| 分册: | ||
| 出版信息: | 北京 中国人民大学出版社 2002 |
|
| 页数: | 343 | |
| 开本: | 23cm | |
| 丛书名: | ||
| 单 册: | ||
| 中图分类: | F061.2 | |
| 科图分类: | ||
| 主题词: | 经济学--分支科学 | |
| 电子资源: | ||
| ISBN: | 7-300-04098-5 | |
| 000 | 00568nam0 2200181 450 | |
| 001 | 0760515518 | |
| 005 | 20070817164835.51 | |
| 010 | @a7-300-04098-5@d¥42.00 | |
| 100 | @a20070817d km y0chiy0120 ea | |
| 101 | 0 | @achi |
| 200 | 1 | @a全球经济中的创新与增长@Aquan qiu jing ji zhong de chuang xin yu zeng zhang@fG.M.格罗斯曼@FG.M.ge luo si man |
| 210 | @a北京@c中国人民大学出版社@d2002 | |
| 215 | @a343@d23cm | |
| 606 | 0 | @a经济学@x分支科学 |
| 690 | @aF061.2@v3 | |
| 701 | 0 | @aG.M.格罗斯曼@AG.M.ge luo si man |
| 801 | 0 | @aCN@bPFT@c20070817 |
| 905 | @a213230@dF061.2@eg54@f1 | |
| 全球经济中的创新与增长/G.M.格罗斯曼.-北京:中国人民大学出版社,2002 |
| 343;23cm |
| ISBN 7-300-04098-5:¥42.00 |
| ● |
| 相关链接 |
|
|
|
|
正题名:全球经济中的创新与增长
索取号:F061.2/g54
 
预约/预借
| 序号 | 登录号 | 条形码 | 馆藏地/架位号 | 状态 | 备注 |
| 1 | 6501673 | 265016733 | 密集书库-海洋学院/ [索取号:F061.2/g54] | 在馆 |